| 000 | 00905nam a2200277Ia 4500 | ||
|---|---|---|---|
| 003 | OSt | ||
| 005 | 20221005111021.0 | ||
| 006 | a|||||r|||| 00| 0 | ||
| 007 | ta | ||
| 008 | 221004b |||||||| |||| 00| 0 hin d | ||
| 020 |
_a9788171193288 (hbk) _c250 |
||
| 024 | _a20455 | ||
| 037 |
_bBR8399, 21/03/2015, Rajkamal Prakashan Pvt. Ltd. _cTextual |
||
| 040 |
_aCRL _cCRL _bhin |
||
| 041 |
_2hin _ahin |
||
| 082 | _aO152,3N473,DH, N0;Q1 | ||
| 100 | _aसंजीव | ||
| 245 | 0 | _aधार | |
| 246 | _aDhāra | ||
| 250 | _a2 संस्करण | ||
| 260 |
_aनई दिल्ली _bराधाकृष्ण भारत _c2011 |
||
| 300 |
_a199पृ0 _ccm. |
||
| 650 | _aहिन्दी साहित्य | ||
| 942 |
_hO152,3N473,DH, N0;Q1 _cTEXL _2cc |
||
| 999 |
_c1020564 _d1020564 |
||